Understanding social walfare (Record no. 222785)

MARC details
000 -LEADER
fixed length control field 00369nam a2200145Ia 4500
008 - FIXED-LENGTH DATA ELEMENTS--GENERAL INFORMATION
fixed length control field 230917s9999||||xx |||||||||||||| ||und||
040 ## - CATALOGING SOURCE
-- 124836
Original cataloging agency VIVEKANANDA LIBRARY
041 ## - Language
-- English
082 ## - DDC NUMBER
Classification number 361.6 D689U
100 ## - MAIN ENTRY--PERSONAL NAME
Personal name Dolgoff, Ralph
245 #0 - TITLE STATEMENT
Title Understanding social walfare
260 ## - PUBLICATION, DISTRIBUTION, ETC. (IMPRINT)
Place of publication, distribution, etc New York
Name of publisher, distributor, etc Harper and row, Publisher
Date of publication, distribution, etc 1980
300 ## - PHYSICAL DESCRIPTION
Pages 352p. p.
942 ## - ADDED ENTRY ELEMENTS (KOHA)
Koha item type Books
Holdings
Withdrawn status Lost status Damaged status Not for loan Location (home branch) Sublocation or collection (holding branch) Date acquired Koha issues (times borrowed) Koha full call number Accession No. Koha date last seen Koha item type
        VIVEKANANDA LIBRARY VIVEKANANDA LIBRARY 02/09/2009   361.6 D689U 89095 17/09/2023 Books
© Designed and Maintained by Vivekananda Library, MDU Rohtak